| 000 | 00646cam a2200241 a 4500 | ||
|---|---|---|---|
| 001 | 534450 | ||
| 005 | 20180215074045.0 | ||
| 008 | 871130s1988 nyu b 001 0 eng | ||
| 010 | _a 87033178 | ||
| 020 |
_a1850003580 : _c$38.00 |
||
| 020 |
_a1850003599 (pbk.) : _c$15.00 |
||
| 040 |
_aDLC _cDLC _dDLC |
||
| 041 | _aeng | ||
| 043 | _an-us--- | ||
| 080 | _a379.73 TIM | ||
| 082 | 0 | 0 |
_a379.73 TIM _219 |
| 100 | 1 | _a47 | |
| 101 | _aEDU | ||
| 245 | 1 | 0 |
_aManaging educational excellence / _cThomas B. Timar and David L. Kirp. |
| 504 | _aBibliography: p. 138-142. | ||
| 906 |
_a7 _bcbc _corignew _d1 _eocip _f19 _gy-gencatlg |
||
| 942 |
_2ddc _cBK |
||
| 999 |
_c42673 _d42673 |
||